| 000 | 00417nam a22001697a 4500 | ||
|---|---|---|---|
| 005 | 20200521103452.0 | ||
| 008 | 200521b xxu||||| |||| 00| 0 eng d | ||
| 020 | _a9789374735169 | ||
| 041 | _aeng | ||
| 082 | _a615.88 SIN | ||
| 100 |
_aSingh ,Dr. Amritpal _95670 |
||
| 245 | _aA Textbook of Traditional Medicine | ||
| 260 |
_aDelhi _bAITBS PUBLISHERS |
||
| 300 | _a287p. | ||
| 650 |
_aPharmacy _95672 |
||
| 942 | _cBK | ||
| 999 |
_c6365 _d6363 |
||